000 00309 a2200145 4500
001 150192
040 _cEscola São Tomás de Aquino
100 _aJOSÉ, Elias
240 1 0 _aUm pouco de tudo
_lpor
245 1 0 _aUm pouco de tudo
362 0 _a1982
440 1 _aPaulinas
697 _aPoesia
942 _cBK
999 _c150192
_d150192